000 004020000a22001570004500
003 MACL
005 20170621122034.0
008 170621b xxu||||| |||| 00| 0 eng d
040 _cmacl
100 _aजोशी,हिमांशु
_967676
245 _aआठवा सर्ग
260 _c1997
350 _a100
650 _aसाहित्‍य
_967677
942 _cHIN
_k800/JOS/L
_2ddc
999 _c11938
_d11938